000 00372nam a2200157 4500
008 190207s1978||||xo d
100 1 _aKogler Aladar
_9868
245 1 0 _aZáklady telesných cvicení
250 _a2. vydanie
260 _bŠport
_aBratislava
_c1978
300 _a120 s.
020 _a77-030-78
_c0
041 1 _aslo
044 _axo
_cSK
958 _aAPR
999 _c22095
_d22095